Quiz sur la musique internationale VOL2 - Statistiques

Statistiques générales
  • Ce quiz a été pris 19 fois
  • Le résultat moyen est 8 sur 15
Statistiques - réponses
Question Réponse % Correct
Quel album a fêté ses 10 ans en 2025?
89%
Qui n'a jamais été membre des one Direction? Troye Sivan
89%
Quelle est la pochette de l'album "Views" de Drake?
78%
Quelle chanson a lancé la carrière de Justin Timberlake, notamment car elle s'adresse à son ex, Britney Spears? Cry Me a River
72%
Quel artiste a cartonné en 2025 avec les chansons "Sport car" et "Just keep watching"? Tate McRae
72%
Qui n'est pas originaire des Balkans? Zara Larsson
72%
Qui est n°1 du Top 100 DJs 2025 ? David Guetta
61%
Qui est la leader des Pussycat Dolls? Nicole Scherzinger
61%
Quel est le titre de l'album de Bruno Mars sorti en février 2026? The Romantic
56%
Quel duo n'a jamais partagé un titre en single? Kelly Rowland & Eminem
44%
Qui n'a pas participé aux concerts caritatifs Pavarotti & Friends? Janet Jackson
33%
Quel est le nom du 1er album d'Oasis sorti en 1994? Definitely Maybe
28%
Lequel de ces titres de Dannii Minogue se cache parmi les titres de Kylie, sa soeur? I begin to wonder
28%
Rosalia chante en 14 langues différentes sur son album Lux, laquelle n'en fait pas partie : Polonais
22%
Dans quel groupe Bjork a débuté sa carrière? The Sugarcubes
6%
Aucun quiz correspondant
Distribution des résultats
% des personnes avec chaque résultat
Percentile par nombre de réponses
Votre historique - résultats
Vous n’avez pas pris ce quiz